| Tag |
First Indicator |
Second Indicator |
Subfields |
| LEADER |
00000cam a2200000Ka 4500 |
| 001 |
in00003510921 |
| 006 |
m o d |
| 007 |
cr bn||||||abp |
| 007 |
cr bn||||||ada |
| 008 |
101117s1992 gw a ob 001 0 eng d |
| 005 |
20260420215746.4 |
| 019 |
|
|
|a 625447925
|a 840302426
|
| 020 |
|
|
|a 9783662028551 (electronic bk.)
|
| 020 |
|
|
|a 3662028557 (electronic bk.)
|
| 020 |
|
|
|z 0387543694 (alk. paper)
|
| 020 |
|
|
|z 9780387543697 (alk. paper)
|
| 020 |
|
|
|z 3540543694 (alk. paper)
|
| 020 |
|
|
|z 9783540543695 (alk. paper)
|
| 035 |
|
|
|a (OCoLC)681871105
|z (OCoLC)625447925
|z (OCoLC)840302426
|
| 040 |
|
|
|a OCLCE
|b eng
|e pn
|c OCLCE
|d OCLCQ
|d OCLCO
|d I9W
|d UV0
|d GW5XE
|d OCLCQ
|d OCLCF
|d OCLCQ
|d UtOrBLW
|
| 042 |
|
|
|a dlr
|
| 049 |
|
|
|a TXAM
|
| 050 |
|
4 |
|a QC174.85.M64
|b M65 1992
|
| 082 |
0 |
4 |
|a 530.4/1/01519282
|2 20
|
| 245 |
0 |
4 |
|a The Monte Carlo method in condensed matter physics /
|c edited by K. Binder ; with contributions by A. Baumgärtner [and others].
|
| 264 |
|
1 |
|a Berlin ;
|a New York :
|b Springer-Verlag,
|c [1992]
|
| 264 |
|
4 |
|c ©1992
|
| 300 |
|
|
|a 1 online resource (xvi, 392 pages) :
|b illustrations.
|
| 336 |
|
|
|a text
|b txt
|2 rdacontent
|
| 337 |
|
|
|a computer
|b c
|2 rdamedia
|
| 338 |
|
|
|a online resource
|b cr
|2 rdacarrier
|
| 490 |
1 |
|
|a Topics in applied physics ;
|v v. 71
|
| 504 |
|
|
|a Includes bibliographical references and index.
|
| 505 |
0 |
|
|a Vectorisation of Monte Carlo programs for lattice models using supercomputers / David P. Landau -- Parallel algorithms for statistical physics problems / Dieter W. Heermann and Anthony N. Burkitt -- New Monte Carlo methods for improved efficiency of computer simulations in statistical mechanics / Robert H. Swendsen, Jian-Sheng Wang and Alan M. Ferrenberg -- Simulation of random growth processes / Hans J. Herrmann -- Recent progress in the simulation of classical fluids / Dominique Levesque and Jean Jarques Weis -- Monte Carlo techniques for quantum fluids, solids and droplets / Kevin E. Schmidt and David M. Ceperley -- Quantum lattice problems / Hans De Raedt and Wolfgang von der Linden -- Simulations of macromolecules / Arthur Baumgärtner -- Percolation, critical phenomena in dilute magnets, cellular automata and related problems / Dietrich Stauffer -- Interfaces, wetting phenomena, incommensurate phases / Walter Selke -- Spin glasses, orientational glasses and random field systems / Allan P. Young, Joseph D. Reger and Kurt Binder.
|
| 538 |
|
|
|a Master and use copy. Digital master created according to Benchmark for Faithful Digital Reproductions of Monographs and Serials, Version 1. Digital Library Federation, December 2002.
|u http://purl.oclc.org/DLF/benchrepro0212
|5 MiAaHDL
|
| 583 |
1 |
|
|a digitized
|c 2010
|h HathiTrust Digital Library
|l committed to preserve
|2 pda
|5 MiAaHDL
|
| 520 |
|
|
|a The "Monte Carlo method" is a method of computer simulation of a system with many degrees of freedom, and thus it has widespread applications in science. It takes its name from the use of random numbers to simulate statistical fluctuations in order to numerically gen- erate probability distributions (which cannot otherwise be known explicitly, since the systems considered are so complex). The Monte Carlo method then yields numerically exact information on "model systems". Such simulations serve two purposes: one can check the extent to which a model system approximates a real system; or one may check the validity of approximations made in analytical theories. This book summarizes recent progress obtained in the implementation of this method and with the general analysis of results, and gives concise reviews of recent applications. These applications include simulations of growth processes far from equilibrium, interfacial phenomena, quantum and classical fluids, polymers, quantum problems on lattices, and random systems.
|
| 588 |
|
|
|a Description based on print version record.
|
| 500 |
|
|
|a Electronic resource.
|
| 650 |
|
0 |
|a Monte Carlo method.
|
| 650 |
|
0 |
|a Statistical physics.
|
| 650 |
|
0 |
|a Condensed matter.
|
| 650 |
|
6 |
|a Matière condensée
|x Méthodes statistiques.
|
| 650 |
|
6 |
|a Matière condensée
|x Simulation par ordinateur.
|
| 650 |
|
6 |
|a Monte-Carlo, Méthode de.
|
| 650 |
|
6 |
|a Physique statistique.
|
| 650 |
|
7 |
|a Condensed matter.
|2 fast
|0 (OCoLC)fst00874443
|
| 650 |
|
7 |
|a Monte Carlo method.
|2 fast
|0 (OCoLC)fst01025819
|
| 650 |
|
7 |
|a Statistical physics.
|2 fast
|0 (OCoLC)fst01132076
|
| 650 |
0 |
7 |
|a Monte-Carlo-Simulation.
|2 swd
|
| 650 |
0 |
7 |
|a Kondensierte Materie.
|2 swd
|
| 650 |
0 |
7 |
|a Statistische Mechanik.
|2 swd
|
| 653 |
0 |
|
|a Condensed matter
|a Statistical mechanics
|
| 655 |
|
7 |
|a Electronic books.
|2 local
|
| 700 |
1 |
|
|a Binder, K.
|q (Kurt),
|d 1944-
|
| 700 |
1 |
|
|a Baumgärtner, A.
|q (Artur)
|
| 710 |
2 |
|
|a SpringerLink (Online service)
|
| 776 |
1 |
8 |
|i Print version:
|t Monte Carlo method in condensed matter physics.
|d Berlin ; New York : Springer-Verlag, ©1992
|w (DLC) 91042398
|w (OCoLC)24911594
|
| 830 |
|
0 |
|a Topics in applied physics ;
|v v. 71.
|
| 856 |
4 |
0 |
|u http://proxy.library.tamu.edu/login?url=https://link.springer.com/10.1007/978-3-662-02855-1
|z Connect to the full text of this electronic book
|t 0
|
| 994 |
|
|
|a 92
|b TXA
|
| 999 |
|
|
|a MARS
|
| 999 |
f |
f |
|s 26f7f599-c35e-3d2d-bc6d-3481f95b6318
|i 481a625a-7e1f-3909-a637-a7c13b91a0a7
|t 0
|
| 952 |
f |
f |
|a Texas A&M University
|b College Station
|c Electronic Resources
|s www_evans
|d Available Online
|t 0
|e QC174.85.M64 M65 1992
|h Library of Congress classification
|
| 998 |
f |
f |
|a QC174.85.M64 M65 1992
|t 0
|l Available Online
|